LEADER 01258nam a2200277 u 4500 001 000000110731 003 CaOOAMICUS 005 20080318112555.0 008 080318s2007 it u000 u ita u 020 $z978-88-217-2640-8* 040 $aPUL(R)$bita$dBc 100 1 $aAvila Vio, Daniel de.$0(OLS)http://pul/name/67918 245 10$aBrasile :$bdiritto d'impresa e investimenti esteri /$cDaniel de Avila Vio, Claudia Scialdone. 260 $a[S.l.] :$bIpsoa,$c2007. 300 $axv, 357 p. ;$c24 cm. 490 1 $aPaesi emergenti ;$v6. 650 4$aDiritto commerciale$zBrasile.$0(OLS)http://pul/subject/12675 651 4$aBrasile$xRelazioni economiche e commerciali.$0(OLS)http://pul/subject/34223 700 1 $aScialdone, Claudia.$0(OLS)http://pul/name/67919 830 0$aPaesi emergenti ;$v6.$0(OLS)http://pul/title/139180 850 $aPUL 852 $aPUL$W1$xSL Diritto e Scienze Sociali 3$y79$m346. 5 COLL 1.6$j126884$qDDC 21$B125596$CPULBib$Z2$F125596 $H106762 $82 941 1 $a9 996 $6020$z978-88-217-2640-8*$9(OLS)http://pul/number/137571 996 $6245$aBrasile :$bdiritto d'impresa e investimenti esteri$9(OLS)http://pul/title/139259 996 $6260$a[S.l.] :$bIpsoa$9(OLS)http://pul/publisher/77155 LEADER 00959nam a2200229 u 4500 001 000000120179 003 CaOOAMICUS 005 20100219140236.0 008 100219s1946 fr u000 u fre r 040 $aPUL$bita$dMCT 100 1 $aPerinelle, J.,$cO.P.$0(OLS)http://pul/name/27814 245 10$aComment faire oraison :$bconseils pratiques /$cJ. Périnelle O.P. 260 $aParis :$bLes Éditions du Cerf,$c1946. 300 $a247 p. ;$c20 cm 504 $aBibliografia in nota. 650 4$aOrazione$xManuali e testi.$0(OLS)http://pul/subject/25337 850 $aPUL 852 $aPUL$W1$xDP1 Religione 1$y20$m578 A 8$j137818$qStampati$B136955$CPULBib$Z2$F136955 $H54440 $82 941 1 $a8 961 $aTimbro: Bibliothèque Procure de St. Sulpice, Rome. 996 $6245$aComment faire oraison :$bconseils pratiques$9(OLS)http://pul/title/151170 996 $6260$aParis :$bLes Éditions du Cerf$9(OLS)http://pul/publisher/47861